| Tag |
First Indicator |
Second Indicator |
Subfields |
| LEADER |
00000cam a2200000Ia 4500 |
| 001 |
in00001069210 |
| 005 |
20150929092959.0 |
| 008 |
841001s1984 txua b s000 0 eng d |
| 035 |
|
|
|a (OCoLC)ocm11216564
|
| 035 |
|
|
|a (OCoLC)11216564
|
| 040 |
|
|
|a IKM
|b eng
|c IKM
|d AGL
|d OCLCQ
|d OCLCF
|d OCLCQ
|d TXA
|d UtOrBLW
|
| 043 |
|
|
|a n-us-tx
|
| 049 |
|
|
|a TXAM
|
| 070 |
0 |
|
|a 100
|b T31S (1) no.1464
|
| 072 |
|
0 |
|a E200
|
| 082 |
0 |
4 |
|a 630.7
|
| 086 |
|
|
|a Z TA245.7 B873 no.1464
|2 txdocs
|
| 100 |
1 |
|
|a Trimble, Richard L.
|
| 245 |
1 |
0 |
|a Farm and ranch credit /
|c Richard L. Trimble and Danny A. Klinefelter.
|
| 264 |
|
1 |
|a College Station, [Texas] :
|b Texas Agricultural Extension Service, Texas A & M University System,
|c [1984]
|
| 300 |
|
|
|a 8 pages :
|b illustrations ;
|c 28 cm
|
| 336 |
|
|
|a text
|b txt
|2 rdacontent
|
| 337 |
|
|
|a unmediated
|b n
|2 rdamedia
|
| 338 |
|
|
|a volume
|b nc
|2 rdacarrier
|
| 490 |
1 |
|
|a B ;
|v 1464
|
| 500 |
|
|
|a Caption title.
|
| 500 |
|
|
|a "3-84."
|
| 500 |
|
|
|a "ECO 7-1"
|
| 650 |
|
0 |
|a Loans.
|
| 650 |
|
0 |
|a Agricultural credit.
|
| 650 |
|
7 |
|a Agricultural credit.
|2 fast
|0 (OCoLC)fst00800626
|
| 650 |
|
7 |
|a Loans.
|2 fast
|0 (OCoLC)fst01001045
|
| 653 |
|
|
|a family resource management
|a farm credit
|a business management
|a loans
|
| 700 |
1 |
|
|a Klinefelter, Danny A.
|
| 710 |
2 |
|
|a Texas Agricultural Extension Service.
|
| 830 |
|
0 |
|a B (Texas Agricultural Extension Service) ;
|v 1464.
|
| 856 |
4 |
1 |
|z Also available via OAK Trust Digital Repository
|u http://oaktrust.library.tamu.edu/handle/1969.1/128856
|t 0
|
| 955 |
|
|
|b taeb128856
|
| 994 |
|
|
|a C0
|b TXA
|
| 949 |
|
|
|a updated
|b h
|c 2014/11/3
|e coplinger
|f 12:00:32 pm
|
| 999 |
|
|
|a MARS
|
| 999 |
f |
f |
|s 9b388c45-e1fa-385a-8f40-352e6ccd9970
|i 237a8f38-a8f5-3ef5-b167-2098c69bac04
|t 0
|
| 952 |
f |
f |
|p normal
|a Texas A&M University
|b College Station
|c Sterling C. Evans Library
|d Evans: Texas Documents (Annex 5th floor)
|t 0
|e Z TA245.7 B873 no.1464
|h Superintendent of Documents classification
|i unmediated -- volume
|m A14837510041
|
| 998 |
f |
f |
|a Z TA245.7 B873 no.1464
|t 0
|l Evans: Texas Documents (Annex 5th floor)
|